مكتبة جامعة عجلون الوطنية

فهرس بحث المكتبة

الجداول الإلكترونية إكسل EXCEL / (Record no. 33245)

MARC details
000 -LEADER
fixed length control field 00726nam a22001817a 4500
003 - CONTROL NUMBER IDENTIFIER
control field JO-AjAnu
005 - DATE AND TIME OF LATEST TRANSACTION
control field 20231204143059.0
008 - FIXED-LENGTH DATA ELEMENTS--GENERAL INFORMATION
fixed length control field 231204b jo ||||| |||| 00| 0 ara d
040 ## - CATALOGING SOURCE
Language of cataloging ara
Transcribing agency JO-AjAnu
Modifying agency ANU
100 ## - MAIN ENTRY--PERSONAL NAME
Personal name عبد المعطي، جمال
9 (RLIN) 64628
Relator term مؤلف
245 ## - TITLE STATEMENT
Title الجداول الإلكترونية إكسل EXCEL /
Statement of responsibility, etc. عبد المعطي، جمال وآخرون
250 ## - EDITION STATEMENT
Edition statement الطبعة الثالثة،
Remainder of edition statement تغطي احدث إصدارات EXCEL
260 ## - PUBLICATION, DISTRIBUTION, ETC.
Place of publication, distribution, etc. القاهره :
Name of publisher, distributor, etc. مجموعة كتب دلتا،
Date of publication, distribution, etc. 1996
300 ## - PHYSICAL DESCRIPTION
Extent 313 صفحه
650 ## - SUBJECT ADDED ENTRY--TOPICAL TERM
Form subdivision الحاسبات الالكترونية-برامج
700 ## - ADDED ENTRY--PERSONAL NAME
Personal name محمد فهمي طلبه
9 (RLIN) 64629
Relator term معد ومقدم
942 ## - ADDED ENTRY ELEMENTS (KOHA)
Source of classification or shelving scheme Library of Congress Classification
Koha item type Books
Suppress in OPAC No

No items available.